[Event "African Online-ch O50-Seniors 2021"]
[Site "Online"]
[Date "2021.02.01"]
[Round "8.5"]
[White "Belabbas, Haddouche"]
[Black "Ohlson, Cecil"]
[Result "1-0"]
[WhiteElo "1776"]
[BlackElo "1652"]
[Annotator "NA RC"]
[PlyCount "103"]
[EventDate "2021.02.01"]
[EventType "swiss"]
[EventCountry "NET"]
[SourceTitle "playchess.com"]
[Source "ChessBase"]
[SourceQuality "1"]
[TimeControl "1500+10"]

1. d4 {[%emt 0:00:00]} d5 {[%emt 0:00:03]} 2. Bf4 {[%emt 0:00:08]} c5 {[%emt 0:00:03]} 3. e3 {[%emt 0:00:06]} Nc6 {[%emt 0:00:02]} 4. c3 {[%emt 0:00:03]} Nf6 {[%emt 0:00:03]} 5. Nd2 {[%emt 0:00:06]} Bf5 {[%emt 0:00:08]} 6. Qb3 {[%emt 0:00:39]} Qb6 {[%emt 0:02:12]} 7. dxc5 {[%emt 0:00:09]} Qxb3 {[%emt 0:00:18]} 8. axb3 {[%emt 0:00:21]} e5 {[%emt 0:00:03]} 9. Bg3 {[%emt 0:00:06]} Bxc5 {[%emt 0:00:05]} 10. Ngf3 {[%emt 0:00:28]} Bd6 {[%emt 0:00:49]} 11. Bb5 {[%emt 0:00:49]} Nd7 {[%emt 0:00:03]} 12. Nd4 {[%emt 0:00:49]} Nxd4 {[%emt 0:01:18]} 13. exd4 {[%emt 0:01:51]} f6 {[%emt 0:00:15]} 14. Nf3 {[%emt 0:03:42]} O-O {[%emt 0:01:04]} 15. Bxd7 {[%emt 0:04:00]} Bxd7 {[%emt 0:00:07]} 16. dxe5 {[%emt 0:00:04]} Rfe8 {[%emt 0:00:37]} 17. O-O-O {[%emt 0:00:35]} Bxe5 {[%emt 0:03:54]} 18. Bxe5 {[%emt 0:00:22]} fxe5 {[%emt 0:00:08]} 19. Rxd5 {[%emt 0:00:04]} Bc6 {[%emt 0:00:09]} 20. Rxe5 {[%emt 0:04:34]} Rxe5 {[%emt 0:00:04]} 21. Nxe5 {[%emt 0:00:06]} Bxg2 {[%emt 0:00:03]} 22. Rg1 {[%emt 0:02:28]} Be4 {[%emt 0:00:05]} 23. Re1 {[%emt 0:00:38]} Bf5 {[%emt 0:00:11]} 24. Nf3 {[%emt 0:00:40]} Kf7 {[%emt 0:00:18]} 25. Nd4 {[%emt 0:00:18]} Bd7 {[%emt 0:01:19]} 26. Kd2 {[%emt 0:00:24]} Re8 {[%emt 0:00:09]} 27. Rxe8 {[%emt 0:00:05]} Bxe8 {[%emt 0:00:16]} 28. Ke3 {[%emt 0:00:02]} Kf6 {[%emt 0:00:07]} 29. f4 {[%emt 0:00:45]} g5 {[%emt 0:01:33]} 30. fxg5+ {[%emt 0:00:06]} Kxg5 {[%emt 0:00:03]} 31. Kf3 {[%emt 0:01:18]} Kh4 {[%emt 0:00:13]} 32. Kf2 {[%emt 0:00:49]} Bg6 {[%emt 0:00:46]} 33. b4 {[%emt 0:00:59]} Kh3 {[%emt 0:01:02]} 34. Kg1 {[%emt 0:00:03]} Bd3 {[%emt 0:00:26]} 35. Ne6 {[%emt 0:00:08]} Bf5 {[%emt 0:00:25]} 36. Nd4 {[%emt 0:00:25]} Bd3 {[%emt 0:00:05]} 37. Ne6 {[%emt 0:00:08]} Bf5 {[%emt 0:00:09]} 38. Nc5 {[%emt 0:00:05]} b5 {[%emt 0:00:34]} 39. Nb3 {[%emt 0:00:07]} h5 {[%emt 0:00:29]} 40. Nd4 {[%emt 0:00:04]} Bd7 {[%emt 0:03:36]} 41. b3 {[%emt 0:00:03]} Be8 {[%emt 0:01:13]} 42. c4 {[%emt 0:00:31]} a6 {[%emt 0:00:09]} 43. c5 {[%emt 0:00:11]} Bd7 {[%emt 0:00:17]} 44. c6 {[%emt 0:00:33]} Bc8 {[%emt 0:00:08]} 45. c7 {[%emt 0:00:10]} Kg4 {[%emt 0:00:03]} 46. Nc6 {[%emt 0:00:11]} Kf4 {[%emt 0:00:38]} 47. Na7 {[%emt 0:00:03]} Bb7 {[%emt 0:00:12]} 48. c8=Q {[%emt 0:00:04]} Bxc8 {[%emt 0:00:02]} 49. Nxc8 {[%emt 0:00:03]} Ke4 {[%emt 0:00:10]} 50. Ne7 {[%emt 0:00:53]} Kd3 {[%emt 0:00:09]} 51. Nd5 {[%emt 0:00:28]} Kc2 {[%emt 0:00:06]} 52. Nc7 {[%emt 0:00:04]} 1-0

[Event "African Online-ch O50-Seniors 2021"]
[Site "Online"]
[Date "2021.02.01"]
[Round "9.2"]
[White "Kpodo, Evans Mawuko"]
[Black "Belabbas, Haddouche"]
[Result "1-0"]
[WhiteElo "1654"]
[BlackElo "1776"]
[Annotator "NA RC"]
[PlyCount "65"]
[EventDate "2021.02.01"]
[EventType "swiss"]
[EventCountry "NET"]
[SourceTitle "playchess.com"]
[Source "ChessBase"]
[SourceQuality "1"]
[TimeControl "1500+10"]

1. e4 {[%emt 0:00:00]} c6 {[%emt 0:00:06]} 2. d4 {[%emt 0:00:48]} d5 {[%emt 0:00:05]} 3. Nc3 {[%emt 0:00:04]} dxe4 {[%emt 0:00:06]} 4. Nxe4 {[%emt 0:00:03]} Nf6 {[%emt 0:00:03]} 5. Bd3 {[%emt 0:00:15]} Qxd4 {[%emt 0:00:49]} 6. Nf3 {[%emt 0:00:23]} Qd8 {[%emt 0:00:24]} 7. Nxf6+ {[%emt 0:00:07]} gxf6 {[%emt 0:00:51]} 8. Bd2 {[%emt 0:00:15]} Bg4 {[%emt 0:00:28]} 9. h3 {[%emt 0:00:06]} Bh5 {[%emt 0:00:06]} 10. Qe2 {[%emt 0:00:07]} e6 {[%emt 0:00:21]} 11. O-O-O {[%emt 0:00:07]} Qc7 {[%emt 0:00:28]} 12. Kb1 {[%emt 0:00:06]} Nd7 {[%emt 0:00:11]} 13. g4 {[%emt 0:01:00]} Bg6 {[%emt 0:00:05]} 14. Nh4 {[%emt 0:00:04]} O-O-O {[%emt 0:01:58]} 15. f4 {[%emt 0:01:20]} Bxd3 {[%emt 0:00:06]} 16. Qxd3 {[%emt 0:00:11]} Bd6 {[%emt 0:03:06]} 17. Rhf1 {[%emt 0:01:17]} Nb6 {[%emt 0:02:04]} 18. Qb3 {[%emt 0:03:05]} Nd5 {[%emt 0:01:11]} 19. f5 {[%emt 0:00:19]} e5 {[%emt 0:00:42]} 20. Be3 {[%emt 0:01:02]} Nxe3 {[%emt 0:02:31]} 21. Qxe3 {[%emt 0:00:06]} Qb6 {[%emt 0:00:10]} 22. Qxb6 {[%emt 0:00:15]} axb6 {[%emt 0:00:03]} 23. Rd3 {[%emt 0:00:06]} e4 {[%emt 0:01:29]} 24. Re3 {[%emt 0:00:05]} Rde8 {[%emt 0:00:38]} 25. Rfe1 {[%emt 0:00:15]} Bg3 {[%emt 0:00:09]} 26. Rxg3 {[%emt 0:00:08]} Re5 {[%emt 0:00:11]} 27. c3 {[%emt 0:00:06]} Rhe8 {[%emt 0:00:08]} 28. Rge3 {[%emt 0:00:03]} c5 {[%emt 0:00:16]} 29. Ng2 {[%emt 0:00:07]} Kc7 {[%emt 0:00:12]} 30. Nf4 {[%emt 0:00:04]} Kc6 {[%emt 0:00:07]} 31. Nh5 {[%emt 0:00:13]} Rd8 {[%emt 0:00:22]} 32. Nxf6 {[%emt 0:00:07]} Rd2 {[%emt 0:00:03]} 33. Nxe4 {[%emt 0:00:16]} 1-0

[Event "African Online-ch O50-Seniors 2021"]
[Site "Online"]
[Date "2021.02.01"]
[Round "9.3"]
[White "Mukabi, John"]
[Black "Flora, Francisco Jose Estev"]
[Result "0-1"]
[WhiteElo "1820"]
[BlackElo "1808"]
[Annotator "NA RC"]
[PlyCount "114"]
[EventDate "2021.02.01"]
[EventType "swiss"]
[EventCountry "NET"]
[SourceTitle "playchess.com"]
[Source "ChessBase"]
[SourceQuality "1"]
[TimeControl "1500+10"]

1. d4 {[%emt 0:00:00]} c5 {[%emt 0:00:22]} 2. Nf3 {[%emt 0:00:20]} Nf6 {[%emt 0:00:20]} 3. Bf4 {[%emt 0:00:10]} cxd4 {[%emt 0:00:34]} 4. Nxd4 {[%emt 0:00:15]} e5 {[%emt 0:01:06]} 5. Qd2 {[%emt 0:08:40]} exd4 {[%emt 0:00:29]} 6. Qxd4 {[%emt 0:00:11]} Nc6 {[%emt 0:00:20]} 7. Qd1 {[%emt 0:00:21]} d5 {[%emt 0:00:30]} 8. e3 {[%emt 0:00:14]} Be6 {[%emt 0:01:00]} 9. a3 {[%emt 0:00:19]} h6 {[%emt 0:00:20]} 10. Nc3 {[%emt 0:00:08]} Bd6 {[%emt 0:00:17]} 11. Bxd6 {[%emt 0:02:03]} Qxd6 {[%emt 0:00:15]} 12. Bb5 {[%emt 0:00:15]} O-O {[%emt 0:00:23]} 13. h3 {[%emt 0:00:07]} a6 {[%emt 0:00:19]} 14. Be2 {[%emt 0:00:30]} d4 {[%emt 0:00:27]} 15. exd4 {[%emt 0:00:17]} Qxd4 {[%emt 0:00:15]} 16. O-O {[%emt 0:03:57]} Qxd1 {[%emt 0:00:15]} 17. Raxd1 {[%emt 0:00:07]} Rfd8 {[%emt 0:00:15]} 18. Bf3 {[%emt 0:01:10]} Rxd1 {[%emt 0:00:19]} 19. Rxd1 {[%emt 0:00:13]} Rd8 {[%emt 0:00:12]} 20. Rxd8+ {[%emt 0:01:51]} Nxd8 {[%emt 0:00:27]} 21. Kf1 {[%emt 0:00:37]} Bf5 {[%emt 0:00:36]} 22. Bd1 {[%emt 0:00:20]} Nc6 {[%emt 0:00:36]} 23. Ke1 {[%emt 0:00:52]} Kf8 {[%emt 0:00:28]} 24. f3 {[%emt 0:00:17]} Ke7 {[%emt 0:00:23]} 25. Kd2 {[%emt 0:00:08]} Kd6 {[%emt 0:00:22]} 26. g4 {[%emt 0:00:18]} Be6 {[%emt 0:00:37]} 27. f4 {[%emt 0:00:11]} Bc4 {[%emt 0:00:24]} 28. b3 {[%emt 0:00:23]} Bf1 {[%emt 0:00:52]} 29. h4 {[%emt 0:00:06]} Bg2 {[%emt 0:00:34]} 30. Kd3 {[%emt 0:01:20]} Nd5 {[%emt 0:00:43]} 31. Na4 {[%emt 0:00:27]} b5 {[%emt 0:00:29]} 32. Nb2 {[%emt 0:00:27]} Nxf4+ {[%emt 0:00:23]} 33. Ke3 {[%emt 0:00:06]} Ng6 {[%emt 0:00:19]} 34. h5 {[%emt 0:00:10]} Nge5 {[%emt 0:00:32]} 35. Be2 {[%emt 0:00:11]} f6 {[%emt 0:00:40]} 36. a4 {[%emt 0:00:38]} Kc5 {[%emt 0:00:54]} 37. axb5 {[%emt 0:00:10]} axb5 {[%emt 0:00:11]} 38. c3 {[%emt 0:00:22]} Bd5 {[%emt 0:00:59]} 39. b4+ {[%emt 0:00:08]} Kb6 {[%emt 0:00:18]} 40. Kf4 {[%emt 0:00:12]} Be6 {[%emt 0:01:21]} 41. Nd1 {[%emt 0:00:26]} Ne7 {[%emt 0:00:25]} 42. Kg3 {[%emt 0:00:38]} Bc4 {[%emt 0:00:51]} 43. Bxc4 {[%emt 0:00:18]} Nxc4 {[%emt 0:00:15]} 44. Kf4 {[%emt 0:00:08]} Kc6 {[%emt 0:00:29]} 45. Ke4 {[%emt 0:00:13]} Kd6 {[%emt 0:00:47]} 46. Nf2 {[%emt 0:00:28]} Ne5 {[%emt 0:00:49]} 47. Kd4 {[%emt 0:00:20]} N5c6+ {[%emt 0:01:14]} 48. Ke4 {[%emt 0:00:11]} Nd5 {[%emt 0:01:21]} 49. Kd3 {[%emt 0:00:53]} Ne5+ {[%emt 0:00:28]} 50. Kd4 {[%emt 0:00:08]} Nc6+ $2 {[%emt 0:00:44]} (50... Kc6 $19 51. Ne4 Nxg4) 51. Kd3 {[%emt 0:00:07]} Ke5 {[%emt 0:00:18]} 52. Ne4 {[%emt 0:00:07]} Nf4+ {[%emt 0:00:54]} 53. Ke3 {[%emt 0:00:11]} Ne7 {[%emt 0:00:18]} 54. Nc5 {[%emt 0:00:14]} Ned5+ {[%emt 0:00:12]} 55. Kd2 {[%emt 0:00:06]} Ne6 {[%emt 0:00:22]} 56. Nd7+ {[%emt 0:01:06]} Kf4 {[%emt 0:00:21]} 57. Nb8 {[%emt 0:00:13]} Kxg4 $19 {[%emt 0:00:15]} 0-1

[Event "African Online-ch O50-Seniors 2021"]
[Site "Online"]
[Date "2021.02.01"]
[Round "9.4"]
[White "Slami, Zoheir"]
[Black "De Villiers, Charles"]
[Result "0-1"]
[WhiteElo "1932"]
[BlackElo "2110"]
[Annotator "TA"]
[PlyCount "48"]
[EventDate "2021.02.01"]
[EventType "swiss"]
[EventCountry "NET"]
[SourceTitle "playchess.com"]
[Source "ChessBase"]
[SourceQuality "1"]

{[%evp 11,48,52,59,39,27,21,57,-27,0,-33,-39,-38,-29,-54,-22,-48,-51,-46,-51,-44,-56,-39,0,-216,-61,-70,-60,-58,-57,-122,-90,-408,-433,-426,-420,-408,-398,-29997,-29998]} 1. d4 d6 2. e4 Nf6 3. Bd3 c6 4. c3 e5 5. Ne2 Be7 6. O-O O-O 7. Nd2 {B07: Pirc Defence: Miscellaneous Systems.} Nbd7 8. Ng3 Re8 9. Nc4 ({White should play} 9. Re1 $14) 9... Bf8 10. f4 {[#]} exd4 $146 ({Predecessor:} 10... b5 11. Ne3 Qb6 12. a4 a5 13. axb5 cxb5 14. fxe5 dxe5 15. Qb3 exd4 16. Nd5 Qe6 17. Nxf6+ Nxf6 18. Qxe6 Bxe6 19. cxd4 {½-½ (45) Heikkila,A-Hokkanen,P Tampere 1994}) 11. cxd4 {Black must now prevent e5.} d5 12. Ne5 dxe4 13. Nxe4 Nxe4 14. Bxe4 Nf6 15. Bc2 Be6 16. Be3 Nd5 17. Qf3 (17. Bxh7+ $1 $11 {and White stays safe.} Kxh7 18. f5 $1) 17... Nxe3 $2 (17... f6 $1 $19 18. Nc4 Nxe3 {[%mdl 64] Discovered Attack} 19. Nxe3 Qxd4) 18. Qxe3 $15 Bd5 19. Qd3 $1 {[%csl Gc2][%cal Rd3h7]} g6 20. f5 (20. Rad1 $15) 20... Qg5 {[%csl Gd5][%cal Rg5g2]} 21. g3 {[%mdl 8192] [#] Now White is beyond hope.} (21. Nf3 $17 {is more resistant.} Qxf5 22. Qxf5 gxf5 23. Bxf5) 21... Rxe5 $1 $19 {[%mdl 576] Deflection} 22. dxe5 Bc5+ 23. Rf2 {[#]} Qh5 $1 {...Re8 is the strong threat.} 24. Qf1 $2 (24. Rd1 $19 Bxf2+ 25. Kxf2 Qxh2+ 26. Ke1) 24... Qf3 {[%csl Gd5][%cal Rf3h1][%mdl 64] Pin.  Weighted Error Value: White=1.20/Black=0.18} 0-1

[Event "African Online-ch O50-Seniors 2021"]
[Site "Online"]
[Date "2021.02.01"]
[Round "9.5"]
[White "Fernandes, Luis De Pina"]
[Black "Molapo, Joang"]
[Result "0-1"]
[WhiteElo "1601"]
[BlackElo "1607"]
[Annotator "NA RC"]
[PlyCount "98"]
[EventDate "2021.02.01"]
[EventType "swiss"]
[EventCountry "NET"]
[SourceTitle "playchess.com"]
[Source "ChessBase"]
[SourceQuality "1"]
[TimeControl "1500+10"]

1. e4 {[%emt 0:00:00]} e6 {[%emt 0:00:05]} 2. d4 {[%emt 0:00:14]} d5 {[%emt 0:00:05]} 3. e5 {[%emt 0:00:32]} c5 {[%emt 0:00:07]} 4. c3 {[%emt 0:00:02]} Qb6 {[%emt 0:00:06]} 5. Nf3 {[%emt 0:00:08]} Nc6 {[%emt 0:00:07]} 6. a4 {[%emt 0:03:30]} c4 {[%emt 0:00:36]} 7. Be2 {[%emt 0:00:48]} h6 {[%emt 0:00:11]} 8. O-O {[%emt 0:00:08]} Bd7 {[%emt 0:00:08]} 9. Nbd2 {[%emt 0:00:06]} Na5 {[%emt 0:00:15]} 10. Rb1 {[%emt 0:00:49]} Nb3 {[%emt 0:00:30]} 11. Nxb3 {[%emt 0:00:26]} Bxa4 {[%emt 0:00:25]} 12. Nfd2 {[%emt 0:00:35]} Bxb3 {[%emt 0:00:22]} 13. Nxb3 {[%emt 0:00:04]} cxb3 {[%emt 0:00:08]} 14. c4 {[%emt 0:00:09]} O-O-O {[%emt 0:00:25]} 15. c5 {[%emt 0:00:12]} Qb4 {[%emt 0:01:16]} 16. Ra1 {[%emt 0:04:08]} Ne7 {[%emt 0:01:02]} 17. Ra3 {[%emt 0:00:24]} Nc6 {[%emt 0:00:14]} 18. Be3 {[%emt 0:00:31]} a6 {[%emt 0:02:41]} 19. Rxb3 {[%emt 0:00:09]} Qa4 {[%emt 0:00:04]} 20. Ra3 {[%emt 0:00:06]} Qxd1 {[%emt 0:00:05]} 21. Rxd1 {[%emt 0:00:05]} f6 {[%emt 0:00:09]} 22. f4 {[%emt 0:00:24]} Be7 {[%emt 0:00:48]} 23. Rb1 {[%emt 0:00:39]} g5 {[%emt 0:00:14]} 24. g3 {[%emt 0:00:17]} Rhg8 {[%emt 0:00:11]} 25. Kf2 {[%emt 0:01:05]} gxf4 {[%emt 0:00:39]} 26. gxf4 {[%emt 0:00:04]} fxe5 {[%emt 0:00:05]} 27. fxe5 {[%emt 0:00:06]} Bh4+ {[%emt 0:00:06]} 28. Kf1 {[%emt 0:02:30]} Rdf8+ {[%emt 0:00:06]} 29. Bf4 {[%emt 0:00:11]} Rxf4+ {[%emt 0:00:05]} 30. Rf3 {[%emt 0:00:06]} Rxf3+ {[%emt 0:00:07]} 31. Bxf3 {[%emt 0:00:04]} Rf8 {[%emt 0:00:15]} 32. Kg2 {[%emt 0:00:08]} Nxd4 {[%emt 0:00:05]} 33. Bh5 {[%emt 0:00:13]} Rf2+ {[%emt 0:00:29]} 34. Kh3 {[%emt 0:00:06]} Nf5 {[%emt 0:00:08]} 35. Bg4 {[%emt 0:00:19]} Bg5 {[%emt 0:00:07]} 36. Bxf5 {[%emt 0:00:11]} Rxf5 {[%emt 0:00:09]} 37. b4 {[%emt 0:00:23]} Rxe5 {[%emt 0:00:08]} 38. Rf1 {[%emt 0:00:16]} Rf5 {[%emt 0:00:09]} 39. Rb1 {[%emt 0:00:09]} Kc7 {[%emt 0:00:08]} 40. b5 {[%emt 0:00:04]} axb5 {[%emt 0:00:06]} 41. Rxb5 {[%emt 0:00:03]} Rf3+ {[%emt 0:00:16]} 42. Kg4 {[%emt 0:00:05]} Rc3 {[%emt 0:00:08]} 43. Rb6 {[%emt 0:00:09]} Rxc5 {[%emt 0:00:23]} 44. Rxe6 {[%emt 0:00:04]} b5 {[%emt 0:00:10]} 45. h4 {[%emt 0:00:04]} Rc4+ {[%emt 0:00:04]} 46. Kf5 {[%emt 0:00:15]} Rxh4 {[%emt 0:00:12]} 47. Ke5 {[%emt 0:00:02]} Re4+ {[%emt 0:00:05]} 48. Kxd5 {[%emt 0:00:06]} Rxe6 {[%emt 0:00:03]} 49. Kxe6 {[%emt 0:00:02]} b4 {[%emt 0:00:13]} 0-1